000 03052nam a2200445 a 4500
003 CHAP
005 20240813140813.0
007 cr ||||||a|c|a
008 101019s2010 mx fom||| 00110 spa d
035 _a111114
040 _cCHAP
090 _aTesis
100 1 _aHernández Vite, Cristóbal.
_954739
245 1 0 _aEntomopatógenos y su efecto en la sobrevivenia de adultos del picudo del agave Scyphophorus acupunctatus
_c/por Cristóbal Hernández Vite; director de tesis Ariel Wilbert Guzmán Franco
264 1 _aChapingo, Méx. :
_bEl autor,
_c2010.
300 _a1 recurso en línea (59 páginas).
336 _2rdacontent
_atexto
_btxt
337 _2rdamedia
_acomputadora
_bc
338 _2rdacarrier
_arecursos en linea
_bcr
502 _bIAEPA
_cParasitología
_d2010
_gLIC
520 _aUna de las principales plagas del cultivo del agave, Agave tequilana var. Azul, es el insecto conocido comúnmente como “picudo del agave”, Scyphophorus acupunctatus, el cual causa graves daños a la planta principalmente a la piña o bola del agave, que es la fuente de la materia prima para la producción del tequila. Este insecto es también considerado un vector de hongos y bacterias que ocasionan grandes problemas a la planta, que trae como consecuencia al final la muerte de ésta. En este trabajo se utilizaron cinco aislamientos de hongos entomopatógenos, Beauveria bassiana (Bb1), B. bassiana (Bb2), Metarhizium anisopliae (GC01), B. bassiana (Bb88) y Fusarium sp. (Fu1). Estos aislamientos fueron evaluados en adultos de picudo del agave para estimar los niveles de virulencia hacia este insecto. Diferentes grupos de 15 individuos adultos de este insecto fueron inoculados mediante inmersión durante 20 seg en suspensiones con una concentración de 4.9 x 107 conidios/mL. El aislamiento de Fusarium sp. no tuvo ningún efecto en la sobrevivencia de los picudos. Los niveles de mortalidad de los aislamientos Bb1, Bb2, GC01 y Bb88 fueron estadísticamente similares. Sin embargo, el aislamiento Bb2 presentó consistentemente mortalidades mayores al resto de los aislamientos. El potencial para que los aislamientos que ocasionaron altas mortalidades puedan ser empleados como alternativas de control del picudo en plantaciones de agave es discutido.
590 _aALEPH
_b10
_c20130110
590 _aBATCH-UPD
_b10
_c20130110
590 _aBATCH-UPD
_b10
_c20130410
590 _aBATCH-UPD
_b10
_c20130914
590 _aBATCH-UPD
_b10
_c20140324
590 _aBATCH-UPD
_b10
_c20141002
590 _aCONVERSION
_b10
_c20130109
650 0 4 _aAgave
_xEnfermedades.
_91075
650 0 4 _aAgave
_xPlagas.
_91086
650 0 4 _aScyphophorus acupunctatus.
_9103438
700 _aGuzmán Franco, Ariel Wilbert
_9175159
_eDirector de tesis
856 _uhttp://10.13.5.2/tesis/111114.pdf
_zDESCARGAR PDF
901 _aBK
942 _cTD
949 _bBC
_cTES
_d33724002211165
_eTS2
_fc.2
_gDonaciØn
_h51159
_i111114
_sb
949 _bBC
_cTES
_d33724002211207
_eTS1
_gDonaciØn
_h51158
_i111114
_sb
999 _c99456
_d99456